Ο τουρισμός στο βόρειο Αιγαίο : πτυχιακή εργασία

Αποθηκεύτηκε σε:
Λεπτομέρειες βιβλιογραφικής εγγραφής
Κύριος συγγραφέας: Μπιργιώτης, Δημήτρης
Συγγραφή απο Οργανισμό/Αρχή: Πανεπιστήμιο Αιγαίου Σχολή Επιστημών της Διοίκησης Τμήμα Διοίκησης Επιχειρήσεων - Τ.Δ.Ε
Άλλοι συγγραφείς: Σταυρινούδης, Θεόδωρος (Εισηγητής διατριβής)
Μορφή: Thesis Βιβλίο
Γλώσσα:Greek
Δημοσίευση: 2010
Θέματα:
Διαθέσιμο Online:http://hdl.handle.net/11610/6496
Ετικέτες: Προσθήκη ετικέτας
Δεν υπάρχουν, Καταχωρήστε ετικέτα πρώτοι!

MARC

LEADER 00000cam a2200000 i 4500
001 1/13661
008 110610s2010 gre d
035 |l 10110285 
040 |a GR-MY-UA  |b gre  |e aacr 
041 0 |a gre 
082 0 |a 338.479149582  |2 (22) 
100 1 |a Μπιργιώτης, Δημήτρης. 
245 1 2 |a Ο τουρισμός στο βόρειο Αιγαίο :  |b πτυχιακή εργασία /  |c Δημήτρης Μπιργιώτης ; επιβλέπων καθηγητής: Θεόδωρος Σταυρινούδης 
260 |c 2010 
300 |a 44 σ.;  |b πίν.;  |c 30 εκ. 
502 |a Πτυχιακή εργασία – Πανεπιστήμιο Αιγαίου, Χίος, 2010. 
504 |a Περιλαμβάνει βιβλιογραφία 
650 0 0 |a Tourism  |z Aegean Islands (Greece and Turkey) 
650 0 0 |a Dissertations, Academic  |z Greece. 
700 1 |a Σταυρινούδης, Θεόδωρος.  |4 ths 
710 1 |a Πανεπιστήμιο Αιγαίου  |b Σχολή Επιστημών της Διοίκησης  |b Τμήμα Διοίκησης Επιχειρήσεων - Τ.Δ.Ε. 
852 |a INST  |b CHIOS  |c DIATR  |e 20110610  |h 338.479149582 ΜΠΙ  |p 005200031746  |q 005200031746  |t DIE  |y 23 
852 |a INST  |b CHIOS  |c DIATR  |e 20110610  |h 338.479149582 ΜΠΙ  |p 005200032594  |q 005200032594  |t DIE  |y 23 
856 |u http://hdl.handle.net/11610/6496 
901 |a BIBL2-2011-2 
909 |a Χ  |b 149375 
909 |a Χ  |b 149376 
924 |a ΜΠΙΡΓΙΩΤΗΣ  |b ΔΗΜΗΤΡΗΣ  |y ΧΙΟΣ  |z 2010-06 
970 |a ΠΑΡΟΙΚΑΚΗ  |b ΒΑΣΙΛΙΚΗ  |z 2011/05/10